000 00657nam a2200229Ia 4500
008 180628s9999 xx 000 0 und d
020 _a978-1-4262-1690-9
050 _aREF E 158
050 _b.Y64 2017
100 _aYogerst, Joe.
245 0 _a50 states 5000 ideas :
245 0 _bwhere to go, when to go, what to see, what to do /
245 0 _ctext by Joe Yogerst /
260 _aWashington, D. C. :
260 _bNational Geographic,
260 _c2017
300 _a287 pages:
300 _bcolored illustrations ;
300 _c23 cm.
650 _aUnited States -- Guidebooks.
650 _xUnited States -- Description and travel.
999 _c358136
_d358136